00736 2200277 4500001002100000005001700021008004100038035002400079040001500103082001100118090001800129100001700147245005900164250001700223260003000240300002500270500002700295650002800322850001200350990001500362990001500377990001500392990001500407990001500422990002100437YOGYA-0209000001095220090227022103.0 ind  0010-020900000010952 aYOPDYOG(B) a342.06 a342.06bJok P aJOKO PRAKOSO aPeradilan Tata Usaha Negara (Undang-undang No. 5/1986) aEd. 1,cet. 1 aYogyakartabLibertyc1988 aviii, 237 hlmc21 cm aBibliografi : hlm. 152 aHukum Tata Usaha Negara aYOPDYOG a89794-P/97 a95P0071138 a95P0071137 a94P0055093 a89794-P/97 aCB-D.11/1988-247